00733nam a2200145Ia 4500008004100000020002200041082001900063110002000082245012300102250000700225260003900232300001400271505026300285650003900548120629s9999 xx 000 0 und d a978-607-406-217-5 a343.7204 M479f aMéxico. Leyes aFisco agenda 2011 : compendio de leyes, reglamentos y otras disposiciones conexas sobre la materia con casos practicos a42 aMéxico : Ediciones Fiscales ISEF aIrregular aEsta edición contiene las disposiciones publicadas hasta la fecha de impresión de este producto. 1a. Seccion: Abreviaturas - Indice tematico - Ley del impuesto sobre la renta correlacionada - Reglamento de la ley del impuesto sobre la renta - Ley del im a1. IMPUESTOS-LEGISLACION-MEXICOÌ